| 000 | 02387nam a22003857a 4500 | ||
|---|---|---|---|
| 005 | 20090601154721.0 | ||
| 008 | 080725t xxu||||| |||| 00| 0 eng d | ||
| 010 | _aENG-93822 | ||
| 020 |
_a9788189975647 _c250.00 |
||
| 035 | _aEN-77355 | ||
| 035 | _aB-365364-369 | ||
| 037 | _bDBAD / PUB | ||
| 037 | _bUBH | ||
| 040 |
_adpl _bEnglish |
||
| 082 | _aN | ||
| 100 | _aSethu | ||
| 245 |
_aThe wind form the hills / _cby Sethu; translated by Prema Jayakumar |
||
| 260 |
_aNew Delhi _bTranquebar Press _c2008 |
||
| 270 |
_aF-5, Okhla Industrial Area, Phase-I, Mazzanine Floor, _bNew Delhi _e110020 |
||
| 300 |
_axii, 243p. _c20cm(pbk) |
||
| 500 | _aNovel | ||
| 500 | _aTranslated from the Malayalam original Niyogam | ||
| 650 |
_aMalayalam fiction _vTranslation into English |
||
| 700 | _aPrem Jayakumar | ||
| 942 |
_2ddc _cEN _mSET _hN |
||
| 999 |
_c27112 _d27112 |
||